000
00248 a2200109 4500
001
32817
090
_c
21986
_d
21986
100
_a
Ferrier,J.P
245
_a
History of the Afghans
260
_a
Lahore
_b
Sang-e-Meel Publications
_c
2002
300
_a
xxi, 491 p.
942
_a
NUST-CAE
999
_c
267890
_d
267890